| 000 | 03352nam0a2200577 4500 | ||
|---|---|---|---|
| 001 | RU\NLR\bibl\1523404 | ||
| 005 | 20260407100443.0 | ||
| 010 |
_a978-5-93252-136-6 _980 |
||
| 021 |
_aRU _b2010-35182 _92354 |
||
| 035 | _a(nilc)LIBNET\0000033353 | ||
| 035 | _aRSL-KNO-004643929 | ||
| 035 | _a(NLR Aleph) 001514757 | ||
| 090 |
_a102991 _c102991 |
||
| 100 | _a20100525d2010 |||y0rusy50 ca | ||
| 101 | 0 | _arus | |
| 102 | _aRU | ||
| 105 | _aa z ||||| | ||
| 200 | 1 |
_aАктуальные проблемы подготовки кадров высшей квалификации _eVII Всероссийская научно-практическая конференция с международным участием (Омск, 8-9 декабря 2009 года) _eсборник материалов _fпод общ. ред. проф. Л. О. Штриплинга |
|
| 210 |
_aОмск _cОГИС _d2010 |
||
| 215 |
_a323 с. _cил., табл. _d20 |
||
| 300 | _aВ надзаг.: Федер. агентство по образованию, М-во образования Ом. обл., Ом. гос. ин-т сервиса | ||
| 320 | _aБиблиогр. в конце ст. | ||
| 320 | _aАлф.-имен. указ.: с. 310-317 | ||
| 606 | 1 |
_aВысшее образование в области легкой промышленности _jСъезды, совещания и т.п. _92602438 _3RU\NLR\auth\661538996 |
|
| 606 | 1 |
_aВысшее образование в области физической культуры, спорта и туризма _jСъезды, совещания и т.п. _92444728 _3RU\NLR\auth\661454090 |
|
| 606 | 1 |
_aВысшее образование в области сферы услуг _jСъезды, совещания и т.п. _92495147 _3RU\NLR\auth\661480217 |
|
| 610 | 0 | _aКультура. Наука. Просвещение -- Народное образование. Педагогические науки -- Высшее образование. Педагогика высшей школы -- Педагогика высшей школы -- Российская Федерация -- Дидактика -- Материалы конференции | |
| 610 | 1 | _aОтрасль производственная | |
| 610 | 1 | _aСфера производства | |
| 610 | 1 | _aЛегкая промышленность | |
| 610 | 1 | _aПовышение квалификации | |
| 610 | 1 | _aВысшая квалификация | |
| 610 | 1 | _aВысшее образование | |
| 610 | 1 | _aПодготовка кадров | |
| 686 |
_a74.584(2Рос)738.8 _vLBC/RL _2rubbk |
||
| 686 |
_a37.2 _vLBC/RL _2rubbk |
||
| 686 |
_aЧ481,6(2)2я431(2) _2rubbk |
||
| 686 | _aЧ488.757.82я431 | ||
| 686 | _aЧ489.3я431 | ||
| 686 | _aЧ489.53я431 | ||
| 702 | 1 |
_4340 _aШтриплинг _bЛ. О. _gЛев Оттович _9138744 _3RU\NLR\AUTH\770138779 |
|
| 712 | 0 | 2 |
_4570 _aОмский государственный институт сервиса _3RU\NLR\AUTH\8810054670 _9609853 |
| 801 | 0 |
_aRU _bОмская ГОНБ _c20100525 _grcr |
|
| 801 | 1 |
_aRU _bОмская ГОНБ _c20100525 _2rusmarc |
|
| 801 | 2 |
_aRU _bРГБ _c20100513 |
|
| 801 | 2 |
_aRU _bNLR _c20100615 _grcr |
|
| 942 | _cBOOK | ||
| 980 | _aNB | ||
| 980 | _aNBR | ||